Missing Word: Movie Words Ending in 'F' Quiz Stats

 Plays Quiz Updated Feb 11, 2016

Challenge
Share
Tweet
Embed
Score 0/16 Timer 04:00
0 Plays Today
Hint Missing Word % Correct
Catch Me _____ You CanIf
98.7%
Ferris Bueller's Day _____Off
97.3%
Fiddler on the _____Roof
96.7%
The _____ of Wall StreetWolf
94.9%
The Pelican _____Brief
89.9%
An American _____ in LondonWerewolf
86.7%
Me, _____ and IreneMyself
86.3%
To Catch a _____Thief
85.4%
Hint Missing Word % Correct
The Right _____Stuff
84.3%
Support Your Local _____!Sheriff
58.8%
_____'s UpSurf
54.5%
_____ NelsonHalf
42.4%
Death _____ Proof
27.6%
A New _____Leaf
16.4%
Tuff _____Turf
13.1%
Meek's _____Cutoff
7.5%

Today's Daily Dose

You're not logged in!

Compare scores with friends on all Sporcle quizzes.
Join for Free
OR
Log In

You Might Also Like...

Show Comments

Extras

Top Quizzes Today


Score Distribution

Your Account Isn't Verified!

In order to create a playlist on Sporcle, you need to verify the email address you used during registration. Go to your Sporcle Settings to finish the process.

Report this User

Report this user for behavior that violates our Community Guidelines.

Details: